Catálogo
 En Linea

Matemática : (Registro nro. 27326)

Detalles MARC
000 -CABECERA
campo de control de longitud fija 02105nam a2200361 a 4500
001 - NÚMERO DE CONTROL
campo de control 000027834
005 - FECHA Y HORA DE LA ÚLTIMA TRANSACCIÓN
campo de control 20200930031132.0
008 - DATOS DE LONGITUD FIJA--INFORMACIÓN GENERAL
campo de control de longitud fija 150130s20uu dr abc 000 0 spa d
020 ## - NÚMERO INTERNACIONAL ESTÁNDAR DEL LIBRO
Número Internacional Estándar del Libro 9789945444034 (v. 1)
020 ## - NÚMERO INTERNACIONAL ESTÁNDAR DEL LIBRO
Número Internacional Estándar del Libro 9945444069 (v. 4)
020 ## - NÚMERO INTERNACIONAL ESTÁNDAR DEL LIBRO
Número Internacional Estándar del Libro 99454444077 (v. 5)
020 ## - NÚMERO INTERNACIONAL ESTÁNDAR DEL LIBRO
Número Internacional Estándar del Libro 9789945444093 (v. 7)
020 ## - NÚMERO INTERNACIONAL ESTÁNDAR DEL LIBRO
Número Internacional Estándar del Libro 9945444107 (v. 8)
040 ## - FUENTE DE LA CATALOGACIÓN
Centro catalogador/agencia de origen DO-SdBNP
Lengua de catalogación spa
Centro/agencia transcriptor BNPHU
082 ## - NÚMERO DE LA CLASIFICACIÓN DECIMAL DEWEY
Número de clasificación xxxx
Número de documento/Ítem xxxx
100 1# - ENTRADA PRINCIPAL--NOMBRE DE PERSONA
Nombre de persona Rosa, María del Jesús De la
9 (RLIN) 10954
245 10 - MENCIÓN DE TÍTULO
Título Matemática :
Resto del título educación básica /
Mención de responsabilidad, etc. María del Jesús de la Rosa, Francisca Antonia Medrano ; ilustraciones Ramón Sandoval.
260 ## - PUBLICACIÓN, DISTRIBUCIÓN, ETC.
Lugar de publicación, distribución, etc. Santo Domingo :
Nombre del editor, distribuidor, etc. Actualidad Escolar 2000,
Fecha de publicación, distribución, etc. [20--].
300 ## - DESCRIPCIÓN FÍSICA
Extensión 8 v. :
Otras características físicas il., retrs. ;
Dimensiones 28 cm.
490 1# - MENCIÓN DE SERIE
Mención de serie Sigma
500 ## - NOTA GENERAL
Nota general educación básica
500 ## - NOTA GENERAL
Nota general cada volumen trae el "Libro del maestro.
500 ## - NOTA GENERAL
Nota general La biblioteca solamente posee el libro del maestro de los volumenes 1, 5,7 y 8.
500 ## - NOTA GENERAL
Nota general La biblioteca solamente posee los volumenes 1, 4, 5, 7 y 8.
505 1# - NOTA DE CONTENIDO CON FORMATO
Nota de contenido con formato v. 1 :
Información miscelánea unidad 1 --
Título A jugar --
Información miscelánea unidad 2 --
Título Un paisaje natural --
Información miscelánea unidad 3 --
Título Vamos de compras --
Información miscelánea unidad 4 --
Título Visitando el museo --
Información miscelánea unidad 5 --
Título ¡Feliz cumpleaños! --
505 1# - NOTA DE CONTENIDO CON FORMATO
Nota de contenido con formato v. 4 :
Información miscelánea unidad 1 --
Título Parque nacional submarino de La Caleta --
Información miscelánea unidad 2 --
Título Monumento nacional Isla Catalina --
Información miscelánea unidad 3 --
Título Monumento natural Loma Isabela de Torres --
Información miscelánea unidad 4 --
Título La Isla Saona --
Información miscelánea unidad 5 --
Título Isla Beata --
505 1# - NOTA DE CONTENIDO CON FORMATO
Nota de contenido con formato v. 5 :
Información miscelánea unidad 1 --
Título Los mapas --
Información miscelánea unidad 2 --
Título Ruta de la historia --
Información miscelánea unidad 3 --
Título El agua: recurso vital --
Información miscelánea unidad 4 --
Título Medidas --
505 1# - NOTA DE CONTENIDO CON FORMATO
Nota de contenido con formato v. 7 :
Información miscelánea unidad 1 --
Título Números enteros (Z) --
Información miscelánea unidad 2 --
Título Números racionales (Q) --
Información miscelánea unidad 3 --
Título Zonas de vida en la República Dominicana --
Información miscelánea unidad 4 --
Título Laguna Cabral o Rincón --
505 1# - NOTA DE CONTENIDO CON FORMATO
Nota de contenido con formato v. 8 :
Información miscelánea unidad 1 --
Título Números reales --
Información miscelánea unidad 2 --
Título Introducción al álgebra --
Información miscelánea unidad 3 --
Título Plano, transformaciones y cuerpos --
Información miscelánea unidad 4 --
Título Estadística y probabilidad --
700 1# - PUNTO DE ACCESO ADICIONAL--NOMBRE DE PERSONA
Nombre de persona Medrano, Francisca Antonia
9 (RLIN) 31220
700 1# - PUNTO DE ACCESO ADICIONAL--NOMBRE DE PERSONA
Nombre de persona Sandoval, Ramón
Término indicativo de función/relación il.
9 (RLIN) 10955
830 #0 - PUNTO DE ACCESO ADICIONAL DE SERIE-TÍTULO UNIFORME
Título uniforme Sigma
9 (RLIN) 31222
Existencias
Estado de retiro Estado de pérdida Restricciones de uso No para préstamo Código de colección Localización permanente Ubicación/localización actual Ubicación en estantería Fecha de adquisición Número de inventario Total de préstamos Signatura topográfica completa Código de barras Fecha visto por última vez Precio válido a partir de Tipo de ítem Koha
  Extraviado     Raros y valiosos General General Extraviado 08.08.2011 LF1   xxxx xxxx 27834-30 25.06.2020 25.06.2020 Préstamo en sala
  Extraviado     Raros y valiosos General General Extraviado 10.08.2011 LF1   xxxx xxxx 27834-40 25.06.2020 25.06.2020 Préstamo en sala
      Excluido de préstamo Raros y valiosos Patrimonio Dominicano Patrimonio Dominicano Depósito 05.04.2011 LF1   xxxx xxxx 27834-10 25.06.2020 25.06.2020 No se presta
  Extraviado   Excluido de préstamo Raros y valiosos Patrimonio Dominicano Patrimonio Dominicano Extraviado 08.08.2011 LF1   xxxx xxxx 27834-20 25.06.2020 25.06.2020 No se presta

Con tecnología Koha